[Event "Euskadi ch 2010"]
[Site "Zornotza ESP"]
[Date "2010.04.11"]
[Round "7"]
[White "Astasio Lopez, David"]
[Black "Hernandez Perez, Jesus"]
[Result "1-0"]
[WhiteElo "2303"]
[BlackElo "2045"]
[PlyCount "179"]
[EventDate "2010.04.05"]
[EventType "swiss"]
[EventRounds "9"]
[EventCountry "ESP"]
[Source "lmi"]
[SourceDate "2010.04.05"]

1. d4 f5 2. Nc3 Nf6 3. Bg5 d5 4. Bxf6 exf6 5. e3 Be6 6. Qf3 Qd7 7. Bb5 Nc6 8.
Nge2 O-O-O 9. Nf4 Bf7 10. Nd3 g6 11. O-O-O Kb8 12. Na4 b6 13. Kb1 Qe6 14. Nf4
Qd6 15. c4 Na5 16. c5 Qe7 17. cxb6 axb6 18. Nc3 c6 19. Ba4 Rc8 20. Rc1 Bh6 21.
Nd3 Rhd8 22. Bb3 Nxb3 23. axb3 Bf8 24. b4 Qe6 25. Na4 Kb7 26. Qe2 Be8 27. Nc3
Bd6 28. Qc2 b5 29. Qd2 Ra8 30. Kc2 Qe7 31. Kb3 Ra7 32. Ra1 Rda8 33. Ra3 Qd8 34.
g3 Qe7 35. Rha1 Kb8 36. R1a2 g5 37. Qd1 Bg6 38. Rxa7 Rxa7 39. Rxa7 Qxa7 40. f4
Qe7 41. Qf3 Kc8 42. Qf2 Kb8 43. Qe2 Ka8 44. Na2 Qa7 45. Nac1 Qe7 46. Kc3 Kb8
47. Nb3 Kc7 48. Qe1 Kb8 49. Qe2 Kc7 50. Nbc5 Kd8 51. Kd2 Ke8 52. Qd1 Qa7 53.
Qc2 Ke7 54. Qc3 Be8 55. Nb3 Qa6 56. Ndc5 Qb6 57. Qc1 Qa7 58. Qf1 Bg6 59. Qb1
Qa8 60. Qc2 Qc8 61. Qb1 Qa8 62. h4 gxh4 63. gxh4 h5 64. Qc2 Qb8 65. Na5 Qb6 66.
Qc3 Be8 67. Qa3 Qb8 68. Ncb7 Qc8 69. Nxd6 Kxd6 70. Nb3 Qd7 71. Qa8 Ke7 72. Qb8
Qd8 73. Qa7+ Qd7 74. Qa1 Qe6 75. Nc5 Qg8 76. Qa7+ Kf8 77. Qc7 Qf7 78. Qc8 Qg6
79. Ne6+ Ke7 80. Nd8 Qg2+ 81. Kc3 Qe4 82. Qc7+ Kf8 83. Qd6+ Qe7 84. Qc5 Qxc5+
85. bxc5 Ke7 86. Nb7 Bd7 87. Kb4 Be8 88. Ka5 Kd7 89. Kb6 Bg6 90. Na5 1-0

[Event "Euskadi ch 2010"]
[Site "Zornotza ESP"]
[Date "2010.04.11"]
[Round "7"]
[White "Lakunza Plazaola, Asier"]
[Black "Garro Beraza, Haritz"]
[Result "1/2-1/2"]
[WhiteElo "2093"]
[BlackElo "2075"]
[PlyCount "21"]
[EventDate "2010.04.05"]
[EventType "swiss"]
[EventRounds "9"]
[EventCountry "ESP"]
[Source "lmi"]
[SourceDate "2010.04.05"]

1. e4 c5 2. Nf3 d6 3. d4 cxd4 4. Nxd4 Nf6 5. Nc3 a6 6. Be3 e6 7. f3 Nbd7 8. g4
h6 9. Qd2 b5 10. O-O-O Bb7 11. h4 1/2-1/2

[Event "Euskadi ch 2010"]
[Site "Zornotza ESP"]
[Date "2010.04.11"]
[Round "7"]
[White "Gutierrez Bustillo, Diego"]
[Black "Diaz Herrero, Alvaro"]
[Result "1/2-1/2"]
[WhiteElo "2020"]
[BlackElo "2144"]
[PlyCount "23"]
[EventDate "2010.04.05"]
[EventType "swiss"]
[EventRounds "9"]
[EventCountry "ESP"]
[Source "lmi"]
[SourceDate "2010.04.05"]

1. e4 c6 2. d4 g6 3. Nf3 Bg7 4. c3 d5 5. Nbd2 dxe4 6. Nxe4 Nd7 7. Bd3 Ngf6 8.
Ng3 O-O 9. Bg5 h6 10. Bd2 Re8 11. O-O e5 12. Re1 1/2-1/2